| 000 | 00544nam a22001817a 4500 | ||
|---|---|---|---|
| 003 | NUST - PNEC | ||
| 005 | 20170116181135.0 | ||
| 008 | 151007b xxu||||| |||| 00| 0 eng d | ||
| 020 | _a8120308387 | ||
| 040 | _cLIBRARY | ||
| 082 | _a658.5 ADA | ||
| 100 |
_914253 _aEverett E.Adam |
||
| 245 |
_aProduction and operations management : concepts, models, and behavior _cEverett E.Adam ; Ebert, Ronald J. |
||
| 250 | _a5th ed. | ||
| 260 | _cc.1992 | ||
| 650 |
_914256 _aProduction & Operations Management _xMIS, ME, MS COMM |
||
| 942 |
_2ddc _cBK |
||
| 999 |
_c70199 _d70199 |
||